| 000 | 00702nam a2200241Ia 4500 | ||
|---|---|---|---|
| 005 | 20260629163254.0 | ||
| 008 | 260629s9999||||xx |||||||||||||| ||und|| | ||
| 020 |
_a9781947586321 _qpbk |
||
| 082 |
_a332.6327 _bADE.3E |
||
| 100 | _aAde, Parimal | ||
| 245 | 0 | _a108 questions and answers on mutual funds and SIP [3rd ed.] | |
| 250 | _a3rd ed. | ||
| 260 |
_aChennai _bNotion Press _c2023 |
||
| 300 | _axvi, 210p. ; 20cm. | ||
| 653 | _aFinancial literacy | ||
| 653 | _aInvestment analysis | ||
| 653 | _aMutual funds Systematic investment plans | ||
| 653 | _aPersonal finance | ||
| 653 | _aPortfolio management | ||
| 653 | _aSaving and investment | ||
| 700 | _aJain, Gaurav | ||
| 942 | _cBK | ||
| 999 |
_c57278 _d57278 |
||